000 01284nab a22002417a 4500
999 _c6248
_d6248
003 OSt
005 20260127204202.0
008 190514b xxu||||| |||| 00| 0 spa d
040 _cPJ
100 _96551
_aMorabito, Rodrigo
245 1 0 _aEntre la libertad de cátedra y el maltrato psíquico :
_briesgos de criminalización del debate pedagógico /
_cRodrigo Morabito.
300 _ap. 56-64
500 _aCita: TR LALEY AR/DOC/2138/2025.
505 _aSumario: I. Introducción.— II. El tribunal interviniente y el marco procesal.— III. Análisis detallado de los hechos.— IV. El derecho aplicable: maltrato psíquico y libertad de expresión.— V. El riesgo de criminalizar el debate pedagógico.— VI. Conclusión.
505 _tFallo comentado: JContravencional, General Pico ~ 09/04/2025 ~ C., A. C. s/ inf. art. 95, 96 inc. 3 y 121 inc. 1° C.C. (Den: H.) - (Dam: H. R. E.).
650 0 _9967
_aDERECHO DE FAMILIA
650 0 _91260
_aLIBERTAD DE EXPRESION
650 0 _93053
_aVIOLENCIA DE GÉNERO
650 0 _93317
_aDOCENTES
650 0 _91057
_aJURISPRUDENCIA APLICABLE
773 0 _02844
_93222
_dBuenos Aires : AbeledoPerrot, 1989-
_tDerecho de familia. Revista Interdisciplinaria de doctrina y jurisprudencia. Octubre 2025-V.
_z18511201
942 _2udc
_cANA